000 00295nam a22001337a 4500
008 170920b xxu||||| |||| 00| 0 eng d
020 _a9780870999086
041 _aeng
080 _a7
100 _a44
101 _aART
245 _aWHEN THE PYRAMIDS WERE BUILT
_cARNOLD, D
942 _2udc
_cBK
999 _c28396
_d28396